Porovnanie klasických a moderných metód merania podnikovej výkonnosti

Pojem výknnosť podniku. Porovnanie klasických a moderných metód merania podnikovej výkonnosti.

Gespeichert in:
Bibliographische Detailangaben
1. Verfasser: Kmec, Július, 1982
Weitere Verfasser: Hurný, František
Format: Buchkapitel
Sprache:Slowakisch
Schlagworte:
Tags: Tag hinzufügen
Keine Tags, Fügen Sie das erste Tag hinzu!

MARC

LEADER 00000naa a2200000 4500
001 0225917
005 20240502073716.5
041 0 |a slo 
044 |a SK 
245 1 0 |a Porovnanie klasických a moderných metód merania podnikovej výkonnosti  |c Július Kmec, František Hurný 
520 |a Pojem výknnosť podniku. Porovnanie klasických a moderných metód merania podnikovej výkonnosti. 
610 2 0 |a metóda BSC 
610 2 0 |a ukazovatele výkonnosti 
610 2 0 |a meranie výkonnosti 
610 2 0 |a výkonnosť podniku 
610 2 0 |a metódy riadenia 
100 1 |a Kmec, Július, 1982 
700 1 |a Hurný, František